[Event "AUTO-OPEN-1807"]
[Site "http://www.queenalice.com/game.php?id=701431"]
[Date "2009.12.21"]
[Round "1"]
[White "Ve_se_olha"]
[Black "alfonso"]
[Result "0-1"]
[WhiteElo "2014"]
[BlackElo "1462"]

1. d4 d5 2. c4 e6 3. Nc3 Bb4 4. Qa4+ Nc6 5. e3 Be7 6. cxd5 exd5 7. Nf3 Bd7 8.
Nxd5 Nb8 9. Qc4 b5 10. Nxc7+ Kf8 11. Qc3 Bc6 12. Nxa8 Bxa8 13. Bxb5 Nf6 14. Be2
Nd5 15. Qc2 Bb4+ 16. Bd2 Bd6 17. O-O g6 18. Rac1 Nc6 19. a3 g5 20. b4 Nb8 21.
Bc4 Nb6 22. Ba2 Kg7 23. Bc3 g4 24. Nd2 Qh4 25. g3 Qh3 26. d5+ f6 27. e4 h5 28.
f3 h4 29. e5 fxe5 30. Ne4 hxg3 31. Nxd6 Bxd5 32. Bxe5+ Kg8 33. Qg6+ Kf8 34.
fxg4+ Ke7 35. Qf6+ Kd7 36. Bxg3 Qg2# 0-1

[Event "AUTO-OPEN-1807"]
[Site "http://www.queenalice.com/game.php?id=701442"]
[Date "2009.12.21"]
[Round "1"]
[White "daniloartigas"]
[Black "Ve_se_olha"]
[Result "1-0"]
[WhiteElo "1326"]
[BlackElo "1905"]

1. e4 c5 2. Nf3 Nc6 3. d4 cxd4 4. Nxd4 e6 5. Nc3 Nf6 6. Ndb5 d6 7. Bf4 e5 8. Be3
a6 9. Na3 Be6 10. Bc4 Bd7 11. Bd5 Be7 12. Nc4 b5 13. Nb6 1-0

[Event "AUTO-OPEN-1807"]
[Site "http://www.queenalice.com/game.php?id=701443"]
[Date "2009.12.21"]
[Round "1"]
[White "Ve_se_olha"]
[Black "daniloartigas"]
[Result "0-1"]
[WhiteElo "2015"]
[BlackElo "1255"]

1. e4 e6 2. d4 c5 3. Nf3 Nf6 4. Bd3 Nc6 5. d5 exd5 6. exd5 Nxd5 7. Bxh7 Qe7+ 8.
Kd2 g6 9. Re1 Bh6+ 10. Kd3 c4+ 11. Kxc4 b5+ 12. Kxb5 Rb8+ 13. Kc4 Ba6+ 0-1

[Event "AUTO-ADV-1582"]
[Site "http://www.queenalice.com/game.php?id=701540"]
[Date "2009.12.21"]
[Round "1"]
[White "rubenov"]
[Black "Ve_se_olha"]
[Result "1-0"]
[WhiteElo "1934"]
[BlackElo "1750"]

1. d4 d5 2. Nc3 Bf5 3. Nf3 e6 4. a3 Nf6 5. Bf4 Bd6 6. Bg5 h6 7. Bh4 Nbd7 8. Nb5
Qe7 9. Nxd6+ Qxd6 10. c3 O-O 11. Bg3 Qb6 12. Qd2 Ne4 13. Qc1 c5 14. e3 Rac8 15.
Ne5 Nxe5 16. Bxe5 f6 17. Bg3 cxd4 18. exd4 Rc7 19. Bxc7 Qxc7 20. f3 Nd6 21. Be2
g5 22. h4 Kg7 23. hxg5 1-0

[Event "AUTO-ADV-1582"]
[Site "http://www.queenalice.com/game.php?id=701541"]
[Date "2009.12.21"]
[Round "1"]
[White "Ve_se_olha"]
[Black "rubenov"]
[Result "0-1"]
[WhiteElo "1759"]
[BlackElo "1925"]

1. c4 e5 2. Nc3 Nf6 3. b3 Bc5 4. Bb2 d6 5. d3 Ng4 6. e3 Qh4 7. g3 Qf6 8. Qe2 O-O
9. Nd5 Qd8 10. Bg2 c6 11. Nc3 Na6 12. a3 Re8 13. Nf3 f5 14. O-O Rb8 15. Rad1 Qf6
16. Qd2 Bb6 17. h3 Nh6 18. Kh2 Bc7 19. d4 e4 20. Ng1 Qg6 21. Nge2 Qf7 22. Nf4 g5
0-1

[Event "AUTO-OPEN-1808"]
[Site "http://www.queenalice.com/game.php?id=701980"]
[Date "2009.12.22"]
[Round "1"]
[White "luciopac"]
[Black "Ve_se_olha"]
[Result "1-0"]
[WhiteElo "2132"]
[BlackElo "1812"]

1. e4 c5 2. Nf3 Nc6 3. d4 cxd4 4. Nxd4 e6 5. Bc4 Nf6 6. Nc3 d6 7. Be3 Be7 8. O-O
O-O 9. Nb3 a6 10. Bd3 b5 11. a3 Bb7 12. f4 Rc8 13. Qf3 Qc7 14. g4 d5 15. e5 Nd7
16. Qh3 g6 17. Qh6 Rfd8 18. Rf3 Bf8 19. Qh4 Bg7 20. Rh3 Nf8 21. Ne2 d4 22. Nexd4
Nxd4 23. Nxd4 Qb6 24. c3 a5 25. Bf1 Rd7 26. Bg2 Rcd8 27. Bxb7 Qxb7 28. Qf2 b4
29. cxb4 axb4 30. a4 Qe4 31. Nc2 1-0

[Event "AUTO-OPEN-1808"]
[Site "http://www.queenalice.com/game.php?id=701981"]
[Date "2009.12.22"]
[Round "1"]
[White "Ve_se_olha"]
[Black "luciopac"]
[Result "0-1"]
[WhiteElo "2037"]
[BlackElo "2176"]

1. d4 d5 2. c4 c6 3. Nc3 Nf6 4. e3 dxc4 5. Bxc4 e6 6. Nf3 Bb4 7. Bd2 O-O 8. O-O
Nbd7 9. Qb3 Ba5 10. Rad1 Qe7 11. Bd3 e5 12. dxe5 Nxe5 13. Nxe5 Qxe5 14. Qc2 Bc7
15. g3 Bg4 16. f3 Bh3 17. Rf2 Bb6 18. Re1 Rfe8 19. Na4 Bc7 20. Bc3 Qg5 21. f4
Qh6 22. Bxf6 gxf6 23. Qc3 Rad8 24. Nc5 Bb6 25. Ne4 Rxd3 26. Nxf6+ Kf8 27. Qxd3
Qxf6 28. Qxh7 Bf5 29. Qh5 Bxe3 30. g4 Bxf2+ 31. Kxf2 Qd4+ 32. Kf1 Bd3+ 0-1

[Event "AUTO-OPEN-1808"]
[Site "http://www.queenalice.com/game.php?id=702004"]
[Date "2009.12.22"]
[Round "1"]
[White "Renatogr90"]
[Black "Ve_se_olha"]
[Result "0-1"]
[WhiteElo "1424"]
[BlackElo "2019"]

1. e4 c5 2. Bc4 e6 3. e5 Nc6 4. Nf3 g6 5. d4 cxd4 6. Bg5 Nge7 7. Nxd4 Bg7 8. Bf6
Bxf6 9. exf6 Ng8 10. Nxc6 bxc6 11. Qf3 Qxf6 12. Qxf6 Nxf6 13. Nc3 d5 14. Bd3 c5
15. O-O-O a5 16. Bb5+ Bd7 17. Bxd7+ Kxd7 18. g3 Rab8 19. a3 Rb7 20. Na4 Kc6 21.
Nc3 Rhb8 22. Na4 c4 23. f4 Ne4 24. Rhe1 Nc5 25. Nxc5 Kxc5 26. Re3 Rxb2 27. Kd2
d4 28. Re5+ Kc6 29. Rxa5 d3 30. Rc1 R8b7 31. Kc3 Rxc2+ 32. Rxc2 dxc2 33. Kxc2
Kb6 34. Re5 Ra7 35. Kb2 c3+ 36. Kxc3 Rxa3+ 37. Kd4 Ra2 38. h4 Rg2 39. Rg5 h6 40.
Rg4 Kc6 41. Ke5 Kd7 42. Kf6 Ke8 43. Kg7 h5 44. Rg5 Ke7 45. Kh6 Kf6 46. Kh7 Rc2
47. Re5 Rc3 48. Rg5 Rc8 49. g4 hxg4 50. Rxg4 Rc4 51. Kh6 Kf5 52. Rg5+ Kxf4 53.
h5 gxh5 54. Kxh5 Rc3 55. Rg4+ Kf5 56. Rg5+ Kf6 57. Rg4 Rh3+ 58. Rh4 Rxh4+ 59.
Kxh4 Ke5 60. Kg5 f5 61. Kh4 f4 62. Kh3 f3 63. Kg3 Ke4 64. Kf2 Kf4 65. Kf1 Ke3
66. Kg1 Ke2 67. Kh2 f2 68. Kg3 f1=Q 69. Kg4 Qf5+ 70. Kg3 e5 71. Kh4 Qg6 72. Kh3
Kf3 73. Kh4 Qh6# 0-1

[Event "AUTO-OPEN-1808"]
[Site "http://www.queenalice.com/game.php?id=702005"]
[Date "2009.12.22"]
[Round "1"]
[White "Ve_se_olha"]
[Black "Renatogr90"]
[Result "1-0"]
[WhiteElo "2019"]
[BlackElo "1426"]

1. d4 d5 2. c4 dxc4 3. Nc3 Nf6 4. e4 Bg4 5. f3 Bh5 6. Bxc4 e6 7. Nge2 Bb4 8.
Qa4+ Nc6 9. Bb5 Bxc3+ 10. bxc3 Qd7 11. Bg5 h6 12. Bxf6 gxf6 13. c4 O-O 14. d5
exd5 15. cxd5 Qd6 16. dxc6 bxc6 17. Bxc6 Rad8 18. O-O Kh7 19. Qb5 Rb8 20. Qxh5
Qxc6 21. Ng3 Qb6+ 22. Kh1 Qe3 23. Qf5+ Kg7 24. Nh5+ Kg8 25. Nxf6+ Kg7 26. Nd7
Rb2 27. Qf6+ Kg8 28. Qxb2 Rd8 29. Nf6+ Kf8 30. Nh7+ Ke7 31. Qf6+ Ke8 32. Rad1
Rxd1 33. Rxd1 Qe2 34. Rd8# 1-0

[Event "AUTO-MASTER-991"]
[Site "http://www.queenalice.com/game.php?id=702111"]
[Date "2009.12.23"]
[Round "1"]
[White "SubRoger"]
[Black "Ve_se_olha"]
[Result "1-0"]
[WhiteElo "2035"]
[BlackElo "1717"]

1. e4 c5 2. Nf3 Nc6 3. Nc3 e6 4. d4 cxd4 5. Nxd4 Bc5 6. Be3 Qb6 7. Nxc6 Bxe3 8.
fxe3 Qxe3+ 9. Qe2 Qxe2+ 10. Bxe2 bxc6 11. O-O-O d5 12. Bf3 Nf6 13. Rhe1 O-O 14.
g4 h6 15. h4 Bb7 16. g5 hxg5 17. hxg5 Nd7 18. Rh1 Ne5 19. Be2 1-0

[Event "AUTO-MASTER-991"]
[Site "http://www.queenalice.com/game.php?id=702112"]
[Date "2009.12.23"]
[Round "1"]
[White "Ve_se_olha"]
[Black "SubRoger"]
[Result "0-1"]
[WhiteElo "1714"]
[BlackElo "2038"]

1. c4 c6 2. Nc3 Nf6 3. b3 g6 4. Bb2 Bg7 5. Nf3 O-O 6. g3 d5 7. e3 dxc4 8. bxc4
Bg4 9. Bg2 Nbd7 10. d4 Nb6 11. Qb3 Qc7 12. O-O Rad8 13. a4 Bxf3 14. Bxf3 Rfe8
15. Ba3 Rb8 16. Rab1 Nfd7 17. c5 Nc8 18. Ne4 Nf6 19. Ng5 e6 20. Ne4 Ne7 21. Bb4
Ned5 0-1

[Event "AUTO-MASTER-991"]
[Site "http://www.queenalice.com/game.php?id=702131"]
[Date "2009.12.23"]
[Round "1"]
[White "Ve_se_olha"]
[Black "trompmaster"]
[Result "0-1"]
[WhiteElo "2051"]
[BlackElo "2121"]

1. e4 d6 2. d4 Nf6 3. Nc3 Nbd7 4. Nf3 e5 5. dxe5 dxe5 6. Bg5 c6 7. Bc4 Be7 8.
O-O Qc7 9. Qe2 h6 10. Be3 g5 11. a3 Rg8 12. Ba2 Nf8 13. Rad1 Ng6 14. Nd2 Nf4 15.
Qe1 Rg7 16. g3 Bh3 17. Nc4 b5 18. Nd2 Kf8 19. Nb3 Kg8 20. Qd2 Rd8 21. Qc1 Re8
22. Rfe1 Ng2 23. Re2 Nf4 24. Red2 Bg4 25. Rf1 Bf3 26. Re1 Qc8 27. Ree2 Qh3 28.
Qf1 Bg2 29. Qc1 Ng4 0-1

[Event "AUTO-MASTER-991"]
[Site "http://www.queenalice.com/game.php?id=702132"]
[Date "2009.12.23"]
[Round "1"]
[White "trompmaster"]
[Black "Ve_se_olha"]
[Result "1-0"]
[WhiteElo "2126"]
[BlackElo "1905"]

1. e4 c5 2. Nc3 Nc6 3. g3 e6 4. Bg2 d6 5. d3 Nf6 6. Nge2 Be7 7. f4 O-O 8. O-O d5
9. e5 Nd7 10. Kh1 b6 11. Bd2 Bb7 12. Be1 a6 13. Nb1 b5 14. Nd2 Rc8 15. Nf3 h6
16. g4 g6 17. c3 Qc7 18. Bg3 Nb6 19. Rc1 Rfd8 20. b3 c4 21. d4 cxb3 22. axb3 Qb8
23. Qd3 Na5 24. Rb1 Rc7 25. f5 Kh7 26. fxe6 fxe6 27. Nf4 Rg8 28. Nxe6 1-0